书目信息 |
| 题名: |
ERP原理·设计·实施
|
|
| 作者: | 罗鸿 编著 | |
| 分册: | ||
| 出版信息: | 北京 电子工业出版社 2016 |
|
| 页数: | 16,385页 | |
| 开本: | 24cm | |
| 丛书名: | ||
| 单 册: | ||
| 中图分类: | F272.7-39 , F272.7 | |
| 科图分类: | ||
| 主题词: | 企业管理--计算机管理系统 | |
| 电子资源: | ||
| ISBN: | 978-7-121-28106-8 | |
| 000 | 00816nam0 2200253 450 | |
| 001 | 2138388125 | |
| 005 | 20210104103957.53 | |
| 010 | @a978-7-121-28106-8@dCNY59.00 | |
| 096 | @aF272.7@blh | |
| 100 | @a20160330d2016 em y0chiy50 ea | |
| 101 | 0 | @achi |
| 102 | @aCN@b110000 | |
| 105 | @aa z 000yy | |
| 200 | 1 | @aERP原理·设计·实施@9ERP yuan li · she ji · shi shi@b专著@f罗鸿编著 |
| 205 | @a4版 | |
| 210 | @a北京@c电子工业出版社@d2016 | |
| 215 | @a16,385页@c图@d24cm | |
| 330 | @a本书对ERP相关知识的讨论涵盖了原理、设计与应用的全部过程。包括财务、分销、制造、人力、设备和供应链等多个方面做了说明。 | |
| 606 | 0 | @a企业管理@x计算机管理系统 |
| 690 | @aF272.7-39@v5 | |
| 690 | @aF272.7@v4 | |
| 701 | 0 | @a罗鸿@9luo hong@c(企业管理)@4编著 |
| 801 | 2 | @aCN@b58marc.cn@c20100907 |
| 905 | @aZUCC@dF272.7@e28 | |
| ERP原理·设计·实施/罗鸿编著.-4版.-北京:电子工业出版社,2016 |
| 16,385页:图;24cm |
| ISBN 978-7-121-28106-8:CNY59.00 |
| 本书对ERP相关知识的讨论涵盖了原理、设计与应用的全部过程。包括财务、分销、制造、人力、设备和供应链等多个方面做了说明。 |
| ● |
| 相关链接 |
|
|
|
正题名:ERP原理·设计·实施
索取号:F272.7/28
 
预约/预借
| 序号 | 登录号 | 条形码 | 馆藏地/架位号 | 状态 | 备注 |
| 1 | 2000877293 | 2000877293 | 第二书库/ [索取号:F272.7/28] | 在馆 | |
| 2 | 2000877294 | 2000877294 | 第二书库/ [索取号:F272.7/28] | 在馆 | |
| 3 | 2000877295 | 2000877295 | 第二书库/ [索取号:F272.7/28] | 在馆 |